The royal inscriptions of Sumer and Akkad / (Record no. 45702)
[ view plain ]
| 000 -LEADER | |
|---|---|
| fixed length control field | 01065cam a22002891 4500 |
| 001 - CONTROL NUMBER | |
| control field | 1218615 |
| 005 - DATE AND TIME OF LATEST TRANSACTION | |
| control field | 20190305112315.0 |
| 008 - FIXED-LENGTH DATA ELEMENTS--GENERAL INFORMATION | |
| fixed length control field | 761109s1929 ctu 001 0 eng |
| 010 ## - LIBRARY OF CONGRESS CONTROL NUMBER | |
| LC control number | 30002784 |
| 040 ## - CATALOGING SOURCE | |
| Original cataloging agency | DLC |
| Transcribing agency | CtY |
| Modifying agency | DLC |
| 041 0# - LANGUAGE CODE | |
| Language code of text/sound track or separate title | engakksux |
| 100 1# - MAIN ENTRY--PERSONAL NAME | |
| Personal name | Barton, George A. |
| Fuller form of name | (George Aaron), |
| Dates associated with a name | 1859-1942. |
| 245 14 - TITLE STATEMENT | |
| Title | The royal inscriptions of Sumer and Akkad / |
| Statement of responsibility, etc | by George A. Barton. |
| 260 ## - PUBLICATION, DISTRIBUTION, ETC. (IMPRINT) | |
| Place of publication, distribution, etc | New Haven : |
| Name of publisher, distributor, etc | Pub. for the American oriental society by the Yale University press ; |
| Place of publication, distribution, etc | London : |
| Name of publisher, distributor, etc | H. Milford, Oxford University Press, |
| Date of publication, distribution, etc | 1929. |
| 300 ## - PHYSICAL DESCRIPTION | |
| Extent | xxii, 405 p. ; |
| Dimensions | 22 cm. |
| 336 ## - CONTENT TYPE | |
| Content Type Term | text |
| 337 ## - MEDIA TYPE | |
| Media Type Term | unmediated |
| 338 ## - CARRIER TYPE | |
| Carrier Type Term | volume |
| 490 0# - SERIES STATEMENT | |
| Series statement | Library of ancient Semitic inscriptions, vol I |
| 500 ## - GENERAL NOTE | |
| General note | Sumerian and Assyro-Babylonian transliterated texts with the English translation on opposite pages. |
| 650 #0 - SUBJECT ADDED ENTRY--TOPICAL TERM | |
| Topical term or geographic name as entry element | Cuneiform inscriptions, Akkadian. |
| 650 #0 - SUBJECT ADDED ENTRY--TOPICAL TERM | |
| Topical term or geographic name as entry element | Cuneiform inscriptions, Sumerian. |
| 650 #0 - SUBJECT ADDED ENTRY--TOPICAL TERM | |
| Topical term or geographic name as entry element | Names, Akkadian. |
| 650 #0 - SUBJECT ADDED ENTRY--TOPICAL TERM | |
| Topical term or geographic name as entry element | Names, Sumerian. |
| 651 #0 - SUBJECT ADDED ENTRY--GEOGRAPHIC NAME | |
| Geographic name | Babylonia |
| General subdivision | History |
| -- | Sources. |
| 942 ## - ADDED ENTRY ELEMENTS (KOHA) | |
| Source of classification or shelving scheme | Library of Congress Classification |
| Item type | Books |
| Withdrawn status | Lost status | Source of classification or shelving scheme | Damaged status | Not for loan | Home library | Current library | Shelving location | Date acquired | Source of acquisition | Inventory number | Total Checkouts | Full call number | Barcode | Date last seen | Price effective from | Koha item type |
|---|---|---|---|---|---|---|---|---|---|---|---|---|---|---|---|---|
| Library of Congress Classification | BSOP Library | BSOP Library | David Weisberg Collection | 03/05/2019 | Donated by Dr. David and Oprah Weisberg | 45759 | PJ3824 B28 1929 | 00056759 | 03/05/2019 | 03/05/2019 | Books |
